000 01077nam a2200289 i 4500
001 13431
003 ES-MaACL
005 20250727025838.0
007 t|
008 980310s1997 sp |||| | spa d
020 _a84-7658-503-9
080 _a398.31
080 _a536.46:398.31(063)
245 0 3 _aEl fuego, mitos, ritos y realidades
_b: Coloquio Internacional, Granada, 1-3 de febrero de 1995 /
_cJosé A. González Alcantud, María Jesús Buxó Rey (eds) ; Lucie Bolens ... [et al.].
250 _a1ª ed.
260 _aBarcelona :
_bAnthropos ;
_aGranada :
_bDiputación Provincial,
_c1997.
300 _a414 p. ;
_c20 cm.
490 1 _aAutores, textos y temas. Antropología ;
_v31
650 1 4 _aFuego-
_xFolklore.
_912988
700 1 _aGonzález Alcantud, José Antonio.
_958402
700 1 _aBuxó Rey, María Jesús.
_932987
700 1 _aBolens, Lucie.
_929957
710 1 _aGranada (Provincia).
_bDiputación Provincial.
_94488
830 0 _aAutores, textos y temas. Antropología
_v31
_9177281
852 _aES-MaACL
_jL-20754
999 _c13431
_d13431